|
|
|
|
| LEADER |
01036nam a2200289 a 4500 |
| 001 |
000487205 |
| 003 |
CZ BrMZK |
| 005 |
20020329093551.0 |
| 007 |
ta |
| 008 |
010907s1963 xr cze d |
| 040 |
|
|
|a BOA001
|b cze
|
| 080 |
|
|
|a 621.395.722+621.396(075.3)
|2 MRF
|
| 100 |
1 |
|
|a Straka, František
|7 mzk2010473898
|4 aut
|
| 245 |
1 |
0 |
|a Vnitřní spojová zařízení :
|b Učeb. text pro 3. roč. odb. učilišť a učňovských škol, obor 0508 - spojový montér /
|c František Straka
|
| 250 |
|
|
|a 1. vyd.
|
| 260 |
|
|
|a Praha :
|b Nadas,
|c 1963
|
| 300 |
|
|
|a 54, [2] s. ;
|c 4°
|
| 500 |
|
|
|a 3500 výt.
|
| 500 |
|
|
|a Přehl. lit.
|
| 500 |
|
|
|a S fot. a il. v textu
|
| 500 |
|
|
|a Vyd. Ústř. správa spojů
|
| 500 |
|
|
|a Zn.
|
| 710 |
2 |
|
|a Ústřední správa spojů
|7 kn20050421012
|
| 910 |
|
|
|a BOA001
|b 4-0502.563
|
| 964 |
|
|
|a Spoje - zařízení vnitřní - učebnice odb. učilišť a učňov. škol (3. roč.)
|
| 990 |
|
|
|a BK
|
| 996 |
7 |
|
|b 2619751749
|c 4-0502.563
|l MZK
|r Sklad / do 1 hodiny
|n 1
|w 000487205
|u 000010
|a 1
|e BOA001
|j MZK50
|s A
|